Score 0/25 Timer 08:00
12 Plays Today
% Correct
Mrs. Doubtfire
96.9%
Star Wars Episode IV: A New Hope
87.6%
Casper
71.3%
Amadeus
67.5%
Honey, I Shrunk the Kids
66.3%
The Princess Bride
63.5%
Dances with Wolves
62.1%
The Green Mile
58.9%
Pretty Woman
58.7%
Clue
57.4%
Fight Club
56.4%
The King and I
55.3%
Independence Day
54.9%
% Correct
The Da Vinci Code
51.3%
Back to the Future
49.3%
127 Hours
46.4%
The Mask of Zorro
46.1%
Jumanji
45.9%
The Hunt for Red October
43.6%
Kill Bill: Vol. 2
42.4%
Kingsman: The Secret Service
36.7%
Zombieland
34.2%
(500) Days of Summer
31.7%
L.A. Confidential
21.1%
Total Recall
18.7%

You're not logged in!

Compare scores with friends on all Sporcle quizzes.
OR
Log In

Sporcle TV

Today on Sporcle TV


Watch our educational content, quiz creation guides, and fun videos on Sporcle TV.

Show Comments

Extras

Top Quizzes Today


Score Distribution

Your Account Isn't Verified!

In order to create a playlist on Sporcle, you need to verify the email address you used during registration. Go to your Sporcle Settings to finish the process.

Report this User

Report this user for behavior that violates our Community Guidelines.

Details: